Sports Quiz

Random Sports or Football Quiz

Top Premier League Scorers by Club (2015-16) Quiz Stats

 Plays Quiz Updated Jun 5, 2016

Score 0/60 Timer 08:00
16 Plays Today
Club Player % Correct
Leicester CityJamie Vardy
91.1%
ArsenalOlivier Giroud
90.1%
Manchester CitySergio Aguero
90%
Tottenham HotspurHarry Kane
89.2%
ChelseaDiego Costa
88.2%
Manchester UnitedWayne Rooney
86.5%
ArsenalAlexis Sanchez
86%
Leicester CityRiyad Mahrez
85.9%
EvertonRomelu Lukaku
85.6%
LiverpoolPhilippe Coutinho & Daniel Sturridge
81%
ChelseaCesc Fabregas & Willian
76%
ArsenalMesut Ozil
75.7%
SunderlandJermain Defoe
73.7%
WatfordTroy Deeney
70.5%
Manchester UnitedAnthony Martial
70.1%
LiverpoolChristian Benteke
69.2%
Tottenham HotspurDele Alli
66.7%
West Ham UnitedAndy Carroll
62.9%
LiverpoolRoberto Firmino
62.3%
WatfordOdion Ighalo
59%
West Ham UnitedDimitri Payet
57.4%
AFC BournemouthCallum Wilson
57.1%
Tottenham HotspurChristian Eriksen
56.9%
Manchester CityKevin De Bruyne
55.8%
SouthamptonSadio Mané
55.3%
Manchester UnitedJuan Mata
54.5%
SouthamptonGraziano Pellè
53.9%
EvertonRoss Barkley
52.2%
Aston VillaJordan Ayew
49.7%
Swansea CityAndré Ayew
49.7%
Club Player % Correct
AFC BournemouthJoshua King
49.4%
SouthamptonShane Long
48.9%
West Bromwich AlbionSalomón Rondón
48%
Leicester CityLeonardo Ulloa
47.2%
Stoke CityMarko Arnautovic
45.4%
AFC BournemouthBenik Afobe, Matt Ritchie & Steve Cook
43.1%
Newcastle UnitedAleksandar Mitrovic
42.8%
ChelseaPedro
42.7%
Stoke CityJonathan Walters & Mame Biram Diouf
40.8%
Swansea CityGylfi Sigurdsson
39.1%
Crystal PalaceYohan Cabaye & Scott Dann
37.8%
Crystal PalaceYannick Bolasie
37.6%
Stoke CityBojan
36.3%
Newcastle UnitedGeorginio Wijnaldum
35.3%
West Bromwich AlbionSaido Berahino
34.1%
Crystal PalaceConnor Wickham
29.5%
Newcastle UnitedAyoze Pérez
29.1%
Swansea CityBafétimbi Gomis
28.8%
EvertonAaron Lennon & Arouna Koné
28.5%
Manchester CityKelechi Iheanacho
26.5%
West Ham UnitedMichail Antonio
25.8%
Aston VillaRudy Gestede
24%
Aston VillaAshley Westwood, Carles Gil & Scott Sinclair
21.8%
Norwich CityNathan Redmond
21.8%
Norwich CityDieumerci Mbokani
20%
Norwich CityWes Hoolahan
19.7%
SunderlandFabio Borini
16.6%
WatfordAlmen Abdi, Sebastian Prödl & Ben Watson
13.9%
SunderlandPatrick Van Aanholt
10%
West Bromwich AlbionCraig Dawson
7.7%

You're not logged in!

Compare scores with friends on all Sporcle quizzes.
OR
Log In

You Might Also Like...

Show Comments

Extras

Top Quizzes Today


Score Distribution

Your Account Isn't Verified!

In order to create a playlist on Sporcle, you need to verify the email address you used during registration. Go to your Sporcle Settings to finish the process.

Report this User

Report this user for behavior that violates our Community Guidelines.

Details: